Erbschaft- und Schenkungsteuer mit geplantem Unternehmensnachfolge-Gesetz
Salvato in:
| Natura: | Libro |
|---|---|
| Lingua: | tedesco |
| Pubblicazione: |
Offenburg
Verlag Praktisches Wissen
2007
|
| Serie: | Rechnungswesen
1/2007 |
| Soggetti: | |
| Tags: |
Nessun Tag, puoi essere il primo ad aggiungerne!!
|
MARC
| LEADER | 00000nam$a2200000$$$4500 | ||
|---|---|---|---|
| 001 | 0060179 | ||
| 005 | 20240313132851.0 | ||
| 020 | |a 978-3-939820-178 | ||
| 041 | 0 | |a ger | |
| 044 | |a DE | ||
| 245 | 1 | 0 | |a Erbschaft- und Schenkungsteuer mit geplantem Unternehmensnachfolge-Gesetz |
| 264 | 1 | |a Offenburg |b Verlag Praktisches Wissen |c 2007 | |
| 300 | |a 96 s. | ||
| 490 | 1 | |a Rechnungswesen |v 1/2007 | |
| 830 | 0 | |a Rechnungswesen |v 1/2007 | |
| 610 | 2 | 0 | |a dane z dedičstva |
| 610 | 2 | 0 | |a dane z darovania |
| 610 | 2 | 0 | |a zákony |
| 610 | 2 | 0 | |a majetok |
| 610 | 2 | 0 | |a predpisy |
| 610 | 2 | 0 | |a hodnota nehnuteľností |
| 610 | 2 | 0 | |a poradenstvo |
| 610 | 2 | 0 | |a Nemecko |
| 610 | 2 | 0 | |a 2007 |